|
|
|
|
| LEADER |
00000cam a2200000 i 4500 |
| 001 |
1/98909 |
| 008 |
081206s1964 gre d |
| 035 |
|
|
|l 10102263
|
| 040 |
|
|
|a GR-MY-UA
|b gre
|e aacr
|
| 041 |
1 |
|
|a gre
|h fre
|
| 082 |
0 |
|
|a 371.3
|2 (22)
|
| 100 |
1 |
|
|a Dottrens, Robert,
|d 1893-
|
| 245 |
1 |
0 |
|a Πειραματική έρευνα και επιστημονική παιδαγωγική /
|c R. Dottrens ; μετ. Ηλία Ξηροτύρη
|
| 260 |
|
|
|a Αθήναι :
|b Νίκη,
|c 1964
|
| 300 |
|
|
|a 22 σ.;
|c 24 εκ.
|
| 650 |
0 |
0 |
|a Educational innovations.
|
| 650 |
0 |
0 |
|a Education
|x Experimental methods.
|
| 650 |
0 |
0 |
|a Education
|x Research.
|
| 700 |
1 |
|
|4 trl
|a Ξηροτύρης, Ηλίας Ι.,
|d 1914-
|
| 852 |
|
|
|a INST
|b RHODES
|c AKA
|e 20081206
|h 371.3 DOT
|p 005400031540
|q 005400031540
|t BK
|y 0
|
| 901 |
|
|
|a BIBL4-2008-3
|
| 909 |
|
|
|a Ρ
|b 156602
|
| 970 |
|
|
|a ΚΟΖΑ
|b ΜΑΡΙΑ
|z 2008/12/06
|